Ratanlal & Dhirajlal: (Record no. 208462)
[ view plain ]
| 000 -LEADER | |
|---|---|
| fixed length control field | 00807nam a22002177a 4500 |
| 005 - DATE AND TIME OF LATEST TRANSACTION | |
| control field | 20250114114922.0 |
| 010 ## - LCCN (DPL NO) | |
| LC control number | ENG-143377-378 |
| 020 ## - INTERNATIONAL STANDARD BOOK NUMBER | |
| Terms of availability | 4995.00(Set of 2) |
| International Standard Book Number | 9788197414237(Vol 1,Vol 2) |
| 035 ## - SYSTEM CONTROL NUMBER | |
| System control number | EN-126909-910 |
| 037 ## - SOURCE OF ACQUISITION | |
| Source of stock number/acquisition | DBAD |
| 082 ## - DEWEY DECIMAL CLASSIFICATION NUMBER | |
| Classification number | 364 |
| Edition number | 23 |
| 100 ## - MAIN ENTRY--PERSONAL NAME | |
| Personal name | Ratanlal |
| 245 ## - TITLE STATEMENT | |
| Title | Ratanlal & Dhirajlal: |
| Remainder of title | The Bharatiya Nagarik Suraksha Sanhita, 2023/ |
| Statement of responsibility, etc | By Ratanlal [and] Dhirajlal |
| 250 ## - EDITION STATEMENT | |
| Edition statement | 23 |
| 260 ## - PUBLICATION, DISTRIBUTION, ETC. (IMPRINT) | |
| Name of publisher, distributor, etc | Lexis Nexis |
| Date of publication, distribution, etc | 2024 |
| Place of publication, distribution, etc | Gurgaon |
| 270 ## - ADDRESS | |
| Address | 14th Floor; Building No. 10 Tower -B , DLF Cyber City ,Phase-II |
| City | Gurgaon |
| Postal code | 122002 |
| Telephone number | +91-124-4774444 |
| Fax number | +91-124-4774100 |
| 300 c# - PHYSICAL DESCRIPTION | |
| Extent | dcl,2844p.(Vol 1,Vol 2) |
| Dimensions | 24cm(hb) |
| 490 ## - SERIES STATEMENT | |
| Volume number/sequential designation | Vol 1, Vol 2 |
| 500 ## - GENERAL NOTE | |
| General note | Vol 1 Sections ! to 247<br/>Vol 2 Sections 248 to 531 Schedules |
| 942 ## - ADDED ENTRY ELEMENTS (KOHA) | |
| Source of classification or shelving scheme | Dewey Decimal Classification |
| Item type | English Books |
| Call number suffix | RAT |
| Classification part | 364 |
No items available.
